| 000 | 00694nam a2200229 a 4500 | ||
|---|---|---|---|
| 001 | 000047385 | ||
| 005 | 20251202111711.0 | ||
| 008 | 090908s1998 dr a 000 0 spa d | ||
| 040 |
_aDO-SdBNP _bspa _cBNPHU |
||
| 082 |
_a398.22 _bS944e, 1998 |
||
| 100 | 1 |
_aSueko _920568 |
|
| 245 | 1 | 0 |
_aEpopeya de Aumatex / _cSueko ; ilustración Jhon López. |
| 250 | _a3a. ed. | ||
| 260 |
_aSanto Domingo : _bBúho, _c1998. |
||
| 300 |
_a87 p. : _bil. ; _c19 cm. |
||
| 500 | _aIncluye notas al pie de las páginas | ||
| 590 | _aInventariado, 2018/YL | ||
| 650 | 4 |
_aTaínos _91856 |
|
| 650 | 0 |
_aIndios de las Antillas _91049 |
|
| 650 | 4 |
_aLeyendas indígenas _920569 |
|
| 700 | 1 |
_aLópez, Jhon, _eil. _920570 |
|
| 999 |
_c46873 _d46873 |
||